Top 30 Billboard 200 Album Artists of 2010s - Statistics

General Stats
  • This quiz has been taken 84 times
  • The average score is 16 of 30
Answer Stats
Album Answer % Correct
Unorthodox Jukebox Bruno Mars
95%
24K Magic Bruno Mars
95%
1989 Taylor Swift
90%
÷ Ed Sheeran
85%
× Ed Sheeran
85%
21 Adele
82%
25 Adele
82%
Views Drake
81%
Scorpion Drake
81%
Damn. Kendrick Lamar
68%
Astroworld Travis Scott
67%
Anti Rihanna
66%
Beerbongs & Bentleys Post Malone
63%
Stoney Post Malone
63%
Recovery Eminem
57%
My World 2.0 Justin Bieber
56%
Blurryface Twenty One Pilots
46%
Need You Now Lady Antebellum
44%
In the Lonely Hour Sam Smith
35%
(Movie Soundtrack) Frozen
33%
Night Visions Imagine Dragons
29%
(Musical Soundtrack) Hamilton
28%
Crash My Party Luke Bryan
25%
Christmas Michael Buble
23%
Sigh No More Mumford & Sons
22%
Babel Mumford & Sons
22%
(Musical Sountrack) The Greatest Showman
20%
My Kinda Party Jason Aldean
16%
Here's to the Good Times Florida Georgia Line
14%
Traveller Chris Stapleton
10%
No matching quizzes found
Score Distribution
Percent of People with Each Score
Percentile by Number Answered
Your Score History
You have not taken this quiz